000 00289nam a22001337a 4500
008 180914b xxu||||| |||| 00| 0 eng d
020 _a9780073661711
041 _aeng
080 _a911
100 _a42
101 _aGJEO
245 _aTextbook of Dendrology
_cHardin
942 _2udc
_cBK
999 _c47792
_d47792